Ms Word (Record no. 37032)

MARC details
000 -LEADER
fixed length control field 00377nam a2200181Ia 4500
008 - FIXED-LENGTH DATA ELEMENTS--GENERAL INFORMATION
fixed length control field 220531s9999 xx 000 0 und d
041 ## - LANGUAGE CODE
Language code of text/sound track or separate title eng
082 ## - DEWEY DECIMAL CLASSIFICATION NUMBER
Item number MIN
100 ## - MAIN ENTRY--PERSONAL NAME
Personal name Minha,d. S.
9 (RLIN) 65374
245 ## - TITLE STATEMENT
Title Ms Word
250 ## - EDITION STATEMENT
Edition statement 1
260 ## - PUBLICATION, DISTRIBUTION, ETC. (IMPRINT)
Date of publication, distribution, etc. 2011
300 ## - PHYSICAL DESCRIPTION
Extent 40
542 ## - INFORMATION RELATING TO COPYRIGHT STATUS
Copyright holder 27-12-2012
650 ## - SUBJECT ADDED ENTRY--TOPICAL TERM
Topical term or geographic name as entry element Computer
9 (RLIN) 65375
906 ## - LOCAL DATA ELEMENT F, LDF (RLIN)
d 2012-2013
Holdings
Withdrawn status Lost status Source of classification or shelving scheme Damaged status Not for loan Collection code Home library Current library Date acquired Cost, normal purchase price Total Checkouts Total Holds Full call number Barcode Date last seen Bill Date Koha item type Original Barcode
    Dewey Decimal Classification       Shri Siddhivinayak Mahila Mahavidyalaya Shri Siddhivinayak Mahila Mahavidyalaya 27/12/2012 40.00   1 /MIN/B/18400 SSMM-BK-18400 06/08/2022 06/08/2022 Books 010018400